000 00554nam a22002177a 4500
003 OSt
005 20140310183035.0
008 130219t xxu||||| |||| 00| 0 eng d
020 _a9712344703
050 _aQA 154
_b.Y68 2006
082 _aFIL 512
_b.Y8 2006
245 _aCollege algebra
_cYoung, Felina C.
260 _aQuezon City
_b Published by Rex Book Store
_cc2006
300 _a493 p.
_c22 cm.
521 _acollege students
526 _c1210L-1700L
541 _j2
541 _j1
562 _e2
942 _2lcc
_cBK
_kFIL
999 _c18478
_d18478